Bài tập nguyên lý kinh tế học vĩ mô Sách dùng cho sinh viên các trường Đại học - Cao đẳng khối Kinh tế

Gespeichert in:
Bibliographische Detailangaben
1. Verfasser: Nguyễn, Văn Công (Chủ biên)
Format: Buch
Veröffentlicht: Hà Nội Giáo dục 2011
Ausgabe:Tái bản lần thứ hai
Schlagworte:
Tags: Tag hinzufügen
Keine Tags, Fügen Sie den ersten Tag hinzu!
Thư viện lưu trữ: Trung tâm Học liệu Lê Vũ Hùng, Trường Đại học Đồng Tháp
LEADER 01211pam a22003378a 4500
001 00032857
005 20171026081025.0
008 141204s2011 ||||||Viesd
020 |c 28000 
041 0 # |a Vie 
082 1 4 |a 339.076  |b B103T 
100 1 # |a Nguyễn, Văn Công  |e Chủ biên 
245 0 0 |a Bài tập nguyên lý kinh tế học vĩ mô  |c Nguyễn Văn Công (ch.b)  |b Sách dùng cho sinh viên các trường Đại học - Cao đẳng khối Kinh tế 
250 # # |a Tái bản lần thứ hai 
260 # # |a Hà Nội  |b Giáo dục  |c 2011 
300 # # |a 187 tr.  |b sơ đồ, bảng  |c 24 cm. 
653 # # |a Bài tập 
653 # # |a Đáp án 
653 # # |a Nguyên lý 
653 # # |a Kinh tế vĩ mô 
653 # # |a Kinh tế học 
852 # # |b Kho giáo trình  |j KGT.0048145, KGT.0048146, KGT.0048147, KGT.0048148 
852 # # |j KD.0016391  |j KGT.0048147  |j KGT.0048145  |j KGT.0048146  |j KGT.0048148 
852 # # |b Kho đọc  |j KD.0016391 
852 # # |b Kho mượn  |j KGT.0048145 
910 |d 4/12/2014 
980 # # |a Trung tâm Học liệu Lê Vũ Hùng, Trường Đại học Đồng Tháp